000 00430nam a2200169Ia 4500
008 180921t2014 xxu||||| |||| 00| 0 sin d
041 _asin
080 _a801.5
_bPRA
100 _aPrasannaracci,Sujeewa
245 _aඉංග්‍රීසි සර්
246 _aIngreesi Sir
260 _bMadara Book
_aNugegoda
_c2014
300 _b195p, 21cm
942 _cBK
999 _c4290
_d4290
003 LK-CoDNM
040 _aLK-CoDNM
_dLK-CoDNM
_eLK-CoDNM